| 000 | 00489pab a2200169 454500 | ||
|---|---|---|---|
| 008 | 180718b1997 xxu||||| |||| 00| 0 eng d | ||
| 100 | _aForrester, John P. | ||
| 245 | _aBudgetary reform through organizational learning: toward an organizational theory of budgeting | ||
| 260 | _c1997 | ||
| 300 | _ap.466-88 | ||
| 362 | _aFeb | ||
| 650 | _aBudgetary control | ||
| 650 | _aFinancial administration | ||
| 700 | _aAdams, Guy B. | ||
| 773 | _aAdministration and Society | ||
| 909 | _a33067 | ||
| 999 |
_c33067 _d33067 |
||